000 00805nam a2200253 i 4500
001 14392
003 ES-MaACL
005 20260119164255.0
007 t|
008 980522s1997 sp |||| | spa j
020 _a84-226-6722-3
080 _a28
100 1 _aKüng, Hans,
_d1928-
_968961
245 1 3 _aEl cristianismo
_b: esencia e historia /
_cHans Küng ; traducción de Víctor Abelardo Martínez de Lapera.
260 _aBarcelona :
_bTrotta,
_c[1997]
300 _a950 p. ;
_c22 cm.
490 1 _aEstructuras y procesos. Serie religión
500 _aÍndices.
650 1 7 _aCristianismo
_2embne
_911425
700 1 _aMartínez de Lapera, Abelardo
_9242697
830 0 0 _aEstructuras y procesos.
_pReligión
_9179878
852 _aES-MaACL
_jL-21655
999 _c14392
_d14392